000 00328nam a2200121Ia 4500
008 190216s9999||||xx |||||||||||||| ||und||
100 _aHornby As
245 4 _aThe Teaching Of Structural Words And Sentence Patterns
260 _bEnglish Language Book Society
_c1975
300 _a169p
650 _aEnglish Story
942 _cBK
999 _c12870
_d12870